000 00263nam a22001217a 4500
020 _a0-7214-9591-5
082 _a823
_bCAR/L
100 _aBRACKEN, CAROLYN
245 _aLITTLE JACK HORNER
260 _aUK
_bLADY BIRD
650 _aENGLISH RHYMES
_zUK
942 _cBK
999 _c2656
_d2656